[Event "DEM U10 2016"]
[Site "Willingen GER"]
[Date "2016.05.18"]
[Round "6"]
[White "Sinnhöfer, Joshua"]
[Black "Bakiyev, Diyar"]
[Result "1/2-1/2"]
[Termination "normal"]
[Board "20"]
[WhiteElo "1308"]
[BlackElo "1027"]
[PlyCount "88"]
[WhiteFideId "16201361"]
[BlackFideId "16230531"]
[EventCountry "GER"]
[EventRounds "11"]
[EventType "swiss"]
[EventDate "2016.05.14"]

1. e4 e5 2. Nf3 Nc6 3. Bb5 Nge7 4. O-O a6 5. Bc4 b5 6. Bd5 h6 7. a3 d6 8. Nc3
Be6 9. d3 Bxd5 10. exd5 Nd4 11. Be3 Nxf3+ 12. Qxf3 Ng6 13. Rfe1 Be7 14. Ne2 O-O
15. d4 f5 16. Bd2 Nh4 17. Qb3 Bg5 18. f4 exf4 19. Nxf4 Qf6 20. Qc3 Bxf4 21.
Bxf4 Qg6 22. Qg3 Qxg3 23. Bxg3 Ng6 24. Re6 Rf6 25. Rae1 f4 26. Bf2 Kf7 27. h4
h5 28. Rxf6+ Kxf6 29. Kh2 Kf7 30. g3 fxg3+ 31. Bxg3 Ne7 32. c4 bxc4 33. Rc1
Nxd5 34. Rxc4 Ke6 35. b4 Kf5 36. Rc2 Ne3 37. Rf2+ Kg6 38. Kh3 Nf5 39. Rc2 Kh7
40. Bf2 Re8 41. Bg1 Re1 42. Kh2 Nxh4 43. Bf2 Re4 44. Rxc7 Nf3+ 1/2-1/2

[Event "DEM U10 2016"]
[Site "Willingen GER"]
[Date "2016.05.18"]
[Round "6"]
[White "Feng, Felix"]
[Black "Amato, Cristiano"]
[Result "1/2-1/2"]
[Termination "normal"]
[Board "21"]
[WhiteElo "1100"]
[BlackElo "1187"]
[PlyCount "96"]
[WhiteFideId "16275179"]
[BlackFideId "12998460"]
[EventCountry "GER"]
[EventRounds "11"]
[EventType "swiss"]
[EventDate "2016.05.14"]

1. c4 c5 2. Nc3 Nc6 3. g3 d6 4. Bg2 Nf6 5. a3 g6 6. Nf3 Bg7 7. O-O O-O 8. Rb1
Bf5 9. d3 a5 10. Bd2 Qd7 11. Qc1 Rfe8 12. Nd1 Bh3 13. Nc3 Bxg2 14. Kxg2 Qd8 15.
Bh6 Bh8 16. Rd1 Ng4 17. Bd2 Nge5 18. Nxe5 Nxe5 19. Bf4 Qd7 20. Qc2 Rab8 21.
Bxe5 Bxe5 22. Na2 Qc6+ 23. f3 b5 24. cxb5 Rxb5 25. b4 axb4 26. axb4 Reb8 27. d4
Bf6 28. bxc5 Rxb1 29. Rxb1 Rxb1 30. Qxb1 dxc5 31. dxc5 Qxc5 32. Nc1 Bd4 33. Nd3
Qb6 34. Qxb6 Bxb6 35. e4 Kg7 36. f4 f6 37. h3 g5 38. f5 Bc7 39. Nc5 Be5 40. g4
h5 41. Kf3 h4 42. Ke2 Kf8 43. Kd3 Bg3 44. Kc4 Ke8 45. Kd5 Bd6 46. Nd3 Kd7 47.
e5 Bb4 48. e6+ Kc7 1/2-1/2

[Event "DEM U10 2016"]
[Site "Willingen GER"]
[Date "2016.05.18"]
[Round "6"]
[White "Müller, Linus"]
[Black "Langer, Paul Georg"]
[Result "1-0"]
[Termination "normal"]
[Board "22"]
[WhiteElo "1077"]
[BlackElo "1170"]
[PlyCount "83"]
[WhiteFideId "16245946"]
[BlackFideId "16230051"]
[EventCountry "GER"]
[EventRounds "11"]
[EventType "swiss"]
[EventDate "2016.05.14"]

1. e4 e5 2. Nf3 Nc6 3. Bb5 Bc5 4. c3 Qf6 5. d3 h6 6. Qe2 a6 7. Ba4 b5 8. Bb3
Bb7 9. Be3 Ba7 10. Bxa7 Nxa7 11. Nfd2 Ne7 12. Qf3 Qxf3 13. Nxf3 Nac6 14. Nbd2
O-O 15. d4 d6 16. O-O Kh8 17. Rad1 f6 18. Rfe1 Bc8 19. a4 Bd7 20. axb5 axb5 21.
dxe5 fxe5 22. Nb1 b4 23. cxb4 Nxb4 24. Nxe5 Be8 25. Nd3 Nxd3 26. Rxd3 Rb8 27.
Nd2 Bb5 28. Rc3 c6 29. Nf3 d5 30. exd5 Nxd5 31. Bxd5 cxd5 32. Nh4 Kh7 33. Rg3
Rbc8 34. h3 Rc2 35. Re7 Rg8 36. Nf5 Rxb2 37. Nxg7 Kh8 38. Nh5 d4 39. Nf6 Rb1+
40. Kh2 Rg7 41. Rgxg7 Be8 42. Rh7# 1-0

[Event "DEM U10 2016"]
[Site "Willingen GER"]
[Date "2016.05.18"]
[Round "6"]
[White "Scharf, Christian"]
[Black "Sallandt, Frido"]
[Result "1/2-1/2"]
[Termination "normal"]
[Board "24"]
[WhiteElo "999"]
[BlackElo "1080"]
[PlyCount "46"]
[WhiteFideId "16266110"]
[BlackFideId "16231767"]
[EventCountry "GER"]
[EventRounds "11"]
[EventType "swiss"]
[EventDate "2016.05.14"]

1. e4 e5 2. Nf3 Nc6 3. Bc4 Bc5 4. c3 Nf6 5. d4 exd4 6. cxd4 Bb4+ 7. Bd2 Nxe4 8.
Bxf7+ Kxf7 9. Bxb4 Nxb4 10. Qb3+ d5 11. Ne5+ Ke8 12. Qxb4 Qd6 13. Qa4+ Bd7 14.
Nxd7 Qxd7 15. Qc2 Rf8 16. O-O h5 17. Re1 Kd8 18. f3 Nf6 19. Nd2 a5 20. Nb3 b6
21. Nc1 Re8 22. Nd3 Rxe1+ 23. Rxe1 Qf5 1/2-1/2

[Event "DEM U10 2016"]
[Site "Willingen GER"]
[Date "2016.05.18"]
[Round "6"]
[White "Richter, Gerrit"]
[Black "Chassard, Cedric"]
[Result "0-1"]
[Termination "normal"]
[Board "25"]
[WhiteElo "1561"]
[BlackElo "833"]
[PlyCount "30"]
[WhiteFideId "12990825"]
[BlackFideId "16243536"]
[EventCountry "GER"]
[EventRounds "11"]
[EventType "swiss"]
[EventDate "2016.05.14"]

1. e4 e5 2. Nf3 Nc6 3. Bb5 Bc5 4. O-O Nf6 5. Nxe5 Nxe5 6. d4 Bd6 7. dxe5 Bxe5
8. f4 Bd6 9. e5 Bc5+ 10. Kh1 Ne4 11. Qe2 c6 12. Bc4 d5 13. f5 Qh4 14. g3 Nxg3+
15. Kg2 Nxe2 0-1

[Event "DEM U10 2016"]
[Site "Willingen GER"]
[Date "2016.05.18"]
[Round "6"]
[White "Amrhein, Dennis"]
[Black "Böhm, Karl"]
[Result "1/2-1/2"]
[Termination "normal"]
[Board "26"]
[WhiteElo "1132"]
[BlackElo "1260"]
[PlyCount "49"]
[WhiteFideId "16254570"]
[BlackFideId "16209800"]
[EventCountry "GER"]
[EventRounds "11"]
[EventType "swiss"]
[EventDate "2016.05.14"]

1. d4 Nf6 2. Bf4 c5 3. c3 Qb6 4. b3 e6 5. e3 Be7 6. Nf3 O-O 7. Be2 Nc6 8. O-O
cxd4 9. cxd4 d5 10. Nc3 Bd7 11. h3 Na5 12. Rc1 Rac8 13. Ne5 Be8 14. Bg5 Rxc3
15. Rxc3 Ne4 16. Bxe7 Nxc3 17. Qe1 Nxe2+ 18. Qxe2 Bb5 19. Nd3 Re8 20. Bc5 Qa6
21. Rd1 b6 22. Bd6 Bxd3 23. Qxd3 Qxd3 24. Rxd3 Rc8 25. Kf1 1/2-1/2

[Event "DEM U10 2016"]
[Site "Willingen GER"]
[Date "2016.05.18"]
[Round "6"]
[White "Poschadel, Andreas Gregor"]
[Black "Fuhrmann, Bahne"]
[Result "0-1"]
[Termination "normal"]
[Board "27"]
[WhiteElo "1222"]
[BlackElo "1034"]
[PlyCount "90"]
[WhiteFideId "16204948"]
[BlackFideId "16244842"]
[EventCountry "GER"]
[EventRounds "11"]
[EventType "swiss"]
[EventDate "2016.05.14"]

1. e4 c5 2. Nc3 a6 3. f4 b5 4. d3 Bb7 5. Nf3 e6 6. Ne2 Be7 7. Ng3 Nf6 8. Be2
Qc7 9. Be3 d5 10. exd5 exd5 11. O-O O-O 12. Qc1 Qb6 13. h3 Nbd7 14. c3 Rac8 15.
Bf2 Bd8 16. Qd2 Qa7 17. Rad1 Bb6 18. Nf5 Rc7 19. d4 Ne4 20. Qc2 Nxf2 21. Rxf2
g6 22. Ng3 cxd4 23. Rff1 d3+ 24. Kh1 dxc2 25. Rc1 Bf2 26. Kh2 Be3 27. Rxc2 Bxf4
28. Nd4 Be5 29. Nf3 d4 30. Nxe5 Nxe5 31. Bf3 Rfc8 32. Bxb7 Qxb7 33. Ne2 d3 34.
Rd2 dxe2 35. Rxe2 Rc6 36. Kh1 Re6 37. Rfe1 Rd8 38. Rxe5 Rxe5 39. Rxe5 Rd1+ 40.
Kh2 Qc7 41. Kg3 Qxe5+ 42. Kh4 Qf4+ 43. g4 Qf2+ 44. Kg5 Rd5+ 45. Kh6 Qh4# 0-1

[Event "DEM U10 2016"]
[Site "Willingen GER"]
[Date "2016.05.18"]
[Round "6"]
[White "Müller, Maximilian"]
[Black "Wellßow, Keoki"]
[Result "0-1"]
[Termination "normal"]
[Board "28"]
[WhiteElo "784"]
[BlackElo "975"]
[PlyCount "100"]
[WhiteFideId "16243552"]
[BlackFideId "16251075"]
[EventCountry "GER"]
[EventRounds "11"]
[EventType "swiss"]
[EventDate "2016.05.14"]

1. e4 e5 2. Nf3 Nc6 3. Bc4 Nf6 4. Nc3 Nxe4 5. Bxf7+ Kxf7 6. Nxe4 Be7 7. d3 h6
8. Bd2 Rf8 9. Qe2 Kg8 10. O-O d5 11. Ng3 Bg4 12. Kh1 Qd6 13. Rg1 Nd4 14. Qd1
Nxf3 15. Rf1 Nxh2 16. Qc1 Nxf1 17. Qxf1 Bh4 18. Qc1 Bxg3 19. fxg3 Rf7 20. c4
dxc4 21. Qxc4 Qe6 22. Qxe6 Bxe6 23. Re1 Raf8 24. Kg1 Bxa2 25. Rxe5 Rf1+ 26. Kh2
R8f2 27. Be3 Re2 28. Ra5 Rxe3 29. Rxa2 Rxd3 30. Rxa7 Rb3 31. Ra8+ Kh7 32. Rc8
Rc1 33. Kh3 Rxb2 34. Re8 c5 35. g4 c4 36. Kh4 Rxg2 37. Kh3 Rgg1 38. Rc8 Rc3+
39. Kh2 Rxg4 40. Rc7 b5 41. Rc5 Rg5 42. Rc8 Rd5 43. Rf8 Rd2+ 44. Kg1 Rc1+ 45.
Rf1 Rxf1+ 46. Kxf1 c3 47. Ke1 b4 48. Kf1 b3 49. Ke1 b2 50. Kf1 b1=R# 0-1

[Event "DEM U10 2016"]
[Site "Willingen GER"]
[Date "2016.05.20"]
[Round "10"]
[White "Bui, Bao Anh Le"]
[Black "Hommer, Jeremy"]
[Result "1-0"]
[Termination "normal"]
[Board "1"]
[WhiteElo "1659"]
[BlackElo "1741"]
[WhiteClock "01:04:50"]
[BlackClock "00:35:30"]
[PlyCount "39"]
[WhiteFideId "12970719"]
[BlackFideId "12992577"]
[EventCountry "GER"]
[EventRounds "11"]
[EventType "swiss"]
[EventDate "2016.05.14"]

1. e4 c6 2. d4 d5 3. Nc3 dxe4 4. Nxe4 Nf6 5. Nxf6+ exf6 6. c3 Bd6 7. Bd3 O-O 8.
Ne2 Re8 9. O-O Be6 10. Bf4 b5 11. Bxd6 Qxd6 12. Ng3 Nd7 13. Ne4 Qc7 14. f4 Rad8
15. f5 Bd5 16. Qg4 Kh8 17. Rf3 c5 18. Rg3 Rg8 19. Rh3 cxd4 20. Rxh7+ 1-0

[Event "DEM U10 2016"]
[Site "Willingen GER"]
[Date "2016.05.20"]
[Round "10"]
[White "Wagner, Leopold Franziskus"]
[Black "Rössel, Gino"]
[Result "1/2-1/2"]
[Termination "normal"]
[Board "2"]
[WhiteElo "1844"]
[BlackElo "1682"]
[WhiteClock "00:19:35"]
[BlackClock "00:14:24"]
[PlyCount "85"]
[WhiteFideId "1641581"]
[BlackFideId "16203070"]
[EventCountry "GER"]
[EventRounds "11"]
[EventType "swiss"]
[EventDate "2016.05.14"]

1. d4 e6 2. c4 f5 3. Nc3 Nf6 4. Bf4 c6 5. Nf3 d5 6. e3 Bd6 7. g3 Ne4 8. cxd5
exd5 9. Bxd6 Qxd6 10. Qc2 O-O 11. Bg2 Be6 12. Rc1 Nd7 13. O-O Rac8 14. a3 c5
15. Qd3 c4 16. Qc2 a6 17. Nd2 Nxd2 18. Qxd2 b5 19. f3 Nf6 20. Kh1 Rfd8 21. Ne2
h6 22. f4 g5 23. fxg5 hxg5 24. e4 dxe4 25. Qxg5+ Kf7 26. Bh3 Rg8 27. Qf4 Qxf4
28. Rxf4 Nd5 29. Rf2 Ne3 30. Nf4 Rcd8 31. Re1 Ng4 32. Bxg4 Rxg4 33. Ne2 Kg6 34.
h3 Rg5 35. Ref1 Bd5 36. Kh2 Be6 37. g4 Bc8 38. Kg3 fxg4 39. Rf6+ Kh7 40. h4 Rg6
41. R6f4 Re8 42. Rf7+ Rg7 43. R7f4 1/2-1/2

[Event "DEM U10 2016"]
[Site "Willingen GER"]
[Date "2016.05.20"]
[Round "10"]
[White "Gluma, Christian"]
[Black "Fuchs, Florian"]
[Result "0-1"]
[Termination "normal"]
[Board "3"]
[WhiteElo "1468"]
[BlackElo "1724"]
[WhiteClock "01:00:41"]
[BlackClock "00:59:32"]
[PlyCount "28"]
[WhiteFideId "16223209"]
[BlackFideId "16213351"]
[EventCountry "GER"]
[EventRounds "11"]
[EventType "swiss"]
[EventDate "2016.05.14"]

1. e4 e6 2. d4 d5 3. e5 c5 4. c3 Nc6 5. Nf3 Bd7 6. Be2 Rc8 7. O-O Qb6 8. Qd3
Be7 9. Rd1 cxd4 10. cxd4 Nb4 11. Qb3 Nc2 12. Qxb6 axb6 13. Bd3 Nxa1 14. Nc3 b5
0-1

[Event "DEM U10 2016"]
[Site "Willingen GER"]
[Date "2016.05.20"]
[Round "10"]
[White "Laux, Dominik"]
[Black "Prieb, Robert"]
[Result "1/2-1/2"]
[Termination "normal"]
[Board "4"]
[WhiteElo "1529"]
[BlackElo "1505"]
[WhiteClock "00:22:25"]
[BlackClock "00:20:12"]
[PlyCount "48"]
[WhiteFideId "12994219"]
[BlackFideId "16212002"]
[EventCountry "GER"]
[EventRounds "11"]
[EventType "swiss"]
[EventDate "2016.05.14"]

1. d4 Nf6 2. Nc3 d5 3. Bf4 e6 4. e3 Bb4 5. Bd3 c5 6. dxc5 Nbd7 7. Nge2 Nxc5 8.
O-O Nxd3 9. Qxd3 O-O 10. h3 Bd6 11. Bxd6 Qxd6 12. Rfd1 Qd7 13. a4 b6 14. b3 Bb7
15. e4 Rfd8 16. e5 Ne8 17. f4 Rac8 18. Rac1 Qc6 19. Qd4 Qc5 20. Kh2 Qxd4 21.
Rxd4 Ba6 22. Rd2 Rc7 23. Na2 Bxe2 24. Rxe2 Rdc8 1/2-1/2

[Event "DEM U10 2016"]
[Site "Willingen GER"]
[Date "2016.05.20"]
[Round "10"]
[White "Tham, Nam"]
[Black "Farokhi, Keyvan"]
[Result "1-0"]
[Termination "normal"]
[Board "5"]
[WhiteElo "1575"]
[BlackElo "1585"]
[WhiteClock "00:24:01"]
[BlackClock "00:29:46"]
[PlyCount "126"]
[WhiteFideId "12997331"]
[BlackFideId "12998630"]
[EventCountry "GER"]
[EventRounds "11"]
[EventType "swiss"]
[EventDate "2016.05.14"]

1. e4 e6 2. d4 d5 3. Nc3 dxe4 4. Nxe4 Nd7 5. Nf3 Ngf6 6. Nxf6+ Nxf6 7. c3 c5 8.
Be2 cxd4 9. cxd4 Bb4+ 10. Bd2 Bxd2+ 11. Qxd2 O-O 12. O-O b6 13. Rac1 Bb7 14.
Rfd1 Qd6 15. h3 Rac8 16. Ne5 Ne4 17. Qf4 Rfd8 18. Qe3 f5 19. Bf3 f4 20. Bxe4
Bxe4 21. Qb3 Bd5 22. Qa4 Rc7 23. Qa6 Ba8 24. Nc4 Qd5 25. Ne3 Rxc1 26. Rxc1 Qe4
27. Rc8 Rxc8 28. Qxc8+ Kf7 29. Qd7+ Kf6 30. Qd8+ Kf7 31. Qd7+ Kf6 32. Qxa7 h5
33. Qb8 g6 34. Qe5+ Qxe5 35. dxe5+ Kxe5 36. Nc4+ Kd4 37. Nxb6 Bc6 38. a3 Kc5
39. Nc8 Bd7 40. Ne7 Be8 41. Nc8 Bd7 42. b4+ Kb5 43. Ne7 Be8 44. Nc8 Kc6 45. b5+
Kc7 46. Na7 Kb7 47. Nc6 Bxc6 48. bxc6+ Kxc6 49. Kf1 e5 50. Ke2 e4 51. g3 g5 52.
h4 fxg3 53. fxg3 gxh4 54. gxh4 Kd5 55. Ke3 Ke5 56. a4 Kf5 57. a5 Kg4 58. a6
Kxh4 59. a7 Kg3 60. a8=Q h4 61. Qxe4 h3 62. Qh1 h2 63. Ke2 Kh3 1-0

[Event "DEM U10 2016"]
[Site "Willingen GER"]
[Date "2016.05.20"]
[Round "10"]
[White "Lutz, Adam"]
[Black "Eilenberg, Jonas"]
[Result "1/2-1/2"]
[Termination "normal"]
[Board "6"]
[WhiteElo "1601"]
[BlackElo "1494"]
[WhiteClock "00:38:30"]
[BlackClock "00:07:49"]
[PlyCount "118"]
[WhiteFideId "16226615"]
[BlackFideId "16204271"]
[EventCountry "GER"]
[EventRounds "11"]
[EventType "swiss"]
[EventDate "2016.05.14"]

1. e4 e5 2. Nf3 Nc6 3. d4 exd4 4. Nxd4 Nf6 5. Nxc6 bxc6 6. e5 Qe7 7. Qe2 Nd5 8.
c4 Ba6 9. b3 g6 10. g3 Bg7 11. Bb2 O-O 12. Bg2 Rfe8 13. Qd2 Bxe5 14. O-O Bxb2
15. Qxb2 Qe5 16. Qxe5 Rxe5 17. cxd5 Bxf1 18. Kxf1 cxd5 19. Nc3 c6 20. Rd1 Rae8
21. Bh3 f5 22. Rd4 g5 23. g4 f4 24. Kg2 Kf7 25. Kf3 Ke6 26. Ra4 Kd6 27. Rxa7 d4
28. Na4 Rb5 29. Bf1 Rb4 30. Nb2 Rbb8 31. Ra4 c5 32. Ra6+ Ke7 33. Nd3 Rbc8 34.
Ra5 Kd6 35. Nb2 Ke7 36. Bd3 d5 37. Ra7+ Kd6 38. Bf5 Rc7 39. Ra6+ Rc6 40. Ra7
Rc7 41. Ra4 h6 42. Bd3 Ree7 43. Ra6+ Rc6 44. Ra8 Rcc7 45. Rh8 Re6 46. Bf5 Rf6
47. Rd8+ Kc6 48. Nd3 Re7 49. Ra8 Kb6 50. a4 c4 51. bxc4 dxc4 52. Nc1 d3 53. Rd8
Ka5 54. Rd4 Rc7 55. Ke4 Re7+ 56. Kf3 Re1 57. Na2 Rb6 58. Bd7 Rb3 59. Rd5+ Kb6
1/2-1/2

[Event "DEM U10 2016"]
[Site "Willingen GER"]
[Date "2016.05.20"]
[Round "10"]
[White "Schubert, Nikita"]
[Black "Toval, David"]
[Result "0-1"]
[Termination "normal"]
[Board "7"]
[WhiteElo "1652"]
[BlackElo "1516"]
[WhiteClock "00:35:56"]
[BlackClock "00:55:54"]
[PlyCount "44"]
[WhiteFideId "16212339"]
[BlackFideId "12992755"]
[EventCountry "GER"]
[EventRounds "11"]
[EventType "swiss"]
[EventDate "2016.05.14"]

1. d4 Nf6 2. Nf3 e6 3. e3 b6 4. Bd3 Bb7 5. O-O Be7 6. c4 O-O 7. Nc3 d5 8. cxd5
exd5 9. Qc2 Nc6 10. a3 a6 11. b4 b5 12. Bb2 Bd6 13. e4 dxe4 14. Nxe4 h6 15.
Nxf6+ Qxf6 16. d5 Ne5 17. Be4 Nxf3+ 18. Bxf3 Qf4 19. Rfd1 Qxh2+ 20. Kf1 Rfe8
21. g3 Bxg3 22. fxg3 Qxc2 0-1

[Event "DEM U10 2016"]
[Site "Willingen GER"]
[Date "2016.05.20"]
[Round "10"]
[White "Huo, Da"]
[Black "Metzdorf, Matteo"]
[Result "1-0"]
[Termination "normal"]
[Board "8"]
[WhiteElo "1703"]
[BlackElo "1211"]
[WhiteClock "00:23:18"]
[BlackClock "00:22:04"]
[PlyCount "149"]
[WhiteFideId "16221206"]
[BlackFideId "16209869"]
[EventCountry "GER"]
[EventRounds "11"]
[EventType "swiss"]
[EventDate "2016.05.14"]

1. e4 c5 2. Nf3 e6 3. d4 cxd4 4. Nxd4 a6 5. c4 Qc7 6. Nc3 Nc6 7. Be3 Nf6 8. a3
Be7 9. Be2 O-O 10. O-O d6 11. f3 Bd7 12. Rc1 Rac8 13. Qd2 Qd8 14. b4 Re8 15.
Rfd1 a5 16. b5 Ne5 17. Na4 d5 18. exd5 Bxa3 19. Rc2 Bb4 20. Qc1 exd5 21. c5 Qe7
22. c6 bxc6 23. bxc6 Be6 24. c7 Bd6 25. Nxe6 fxe6 26. Bb6 Nc4 27. Bxc4 dxc4 28.
Rxc4 Bb4 29. Rc6 Nd5 30. Qc4 Qd7 31. Nc3 Kh8 32. Nxd5 exd5 33. Rxd5 Qe7 34. Bf2
Qf8 35. Bc5 Bxc5+ 36. Qxc5 Qxc5+ 37. Rdxc5 a4 38. Ra5 h6 39. Rxa4 Kh7 40. Kf2
Re7 41. Rac4 Kg8 42. g4 Kf8 43. h4 Ke8 44. Re4 Rxe4 45. fxe4 Kd7 46. Rc3 Rxc7
47. Rxc7+ Kxc7 48. Kf3 Kd6 49. Kf4 Ke6 50. h5 Kf6 51. e5+ Ke6 52. Ke4 Ke7 53.
Kf5 Kf7 54. e6+ Kf8 55. Kg6 Ke7 56. Kxg7 Kxe6 57. Kxh6 Kf6 58. g5+ Kf7 59. Kh7
Kf8 60. g6 Ke7 61. g7 Kd6 62. g8=Q Ke5 63. Qf7 Kd6 64. Qe8 Kd5 65. Kg6 Kd4 66.
Kf5 Kd5 67. Qd7+ Kc4 68. Ke5 Kc3 69. Ke4 Kc4 70. Qc6+ Kb3 71. Kd4 Kb2 72. Kd3
Kb3 73. Qb5+ Ka2 74. Kc3 Ka1 75. Qb2# 1-0

[Event "DEM U10 2016"]
[Site "Willingen GER"]
[Date "2016.05.20"]
[Round "10"]
[White "Felten, Maximilian"]
[Black "Grunert, Wilhelm"]
[Result "0-1"]
[Termination "normal"]
[Board "9"]
[WhiteElo "1369"]
[BlackElo "1374"]
[WhiteClock "00:49:09"]
[BlackClock "00:48:36"]
[PlyCount "118"]
[WhiteFideId "4004949"]
[BlackFideId "12995673"]
[EventCountry "GER"]
[EventRounds "11"]
[EventType "swiss"]
[EventDate "2016.05.14"]

1. e4 c5 2. Nc3 Nc6 3. g3 g6 4. Bg2 Bg7 5. d3 d6 6. Be3 e6 7. Nge2 Nge7 8. Qd2
O-O 9. O-O Nd4 10. Nd1 b5 11. c3 Ndc6 12. f4 a5 13. g4 f5 14. g5 b4 15. Ng3 a4
16. h4 Qa5 17. Rc1 Bd7 18. h5 Rfb8 19. hxg6 hxg6 20. Kf2 Rb7 21. Rh1 Rab8 22.
c4 Ra7 23. Qe1 Nd4 24. Ne2 Nec6 25. Nxd4 Nxd4 26. Qg1 b3 27. a3 Nc2 28. Qh2
Nxe3 29. Kxe3 Kf7 30. exf5 exf5 31. Bd5+ Be6 32. Bxe6+ Kxe6 33. Nc3 Bxc3 34.
Rxc3 Re7 35. Kd2 Kd7 36. Qf2 Qa8 37. Rcc1 Rbe8 38. Rce1 Rxe1 39. Rxe1 Rxe1 40.
Qxe1 Qg2+ 41. Qe2 Qg4 42. Qe3 Qg2+ 43. Qe2 Qh1 44. Qe1 Qh2+ 45. Qe2 Qxf4+ 46.
Kd1 Qxg5 47. Qh2 Qh5+ 48. Qxh5 gxh5 49. Ke2 Ke6 50. Kf3 Kf6 51. Kg3 Kg5 52. Kf3
h4 53. Kg2 Kg4 54. Kg1 Kg3 55. Kh1 f4 56. d4 cxd4 57. c5 d3 58. cxd6 d2 59. d7
d1=Q# 0-1

[Event "DEM U10 2016"]
[Site "Willingen GER"]
[Date "2016.05.20"]
[Round "10"]
[White "Werner, Denis"]
[Black "Klonov, Jakov"]
[Result "1-0"]
[Termination "normal"]
[Board "10"]
[WhiteElo "1397"]
[BlackElo "1333"]
[PlyCount "125"]
[WhiteFideId "16226429"]
[BlackFideId "16211928"]
[EventCountry "GER"]
[EventRounds "11"]
[EventType "swiss"]
[EventDate "2016.05.14"]

1. c4 Nf6 2. Nc3 g6 3. g3 Bg7 4. Bg2 O-O 5. e3 d6 6. Nge2 e5 7. O-O Nc6 8. d4
exd4 9. Nxd4 Nxd4 10. exd4 Re8 11. Be3 Rb8 12. Re1 Bf5 13. Qd2 Ng4 14. Bf4 Qd7
15. Ne2 b5 16. cxb5 Rxb5 17. Rac1 Rb6 18. Nc3 Reb8 19. b3 Rc8 20. Nd5 Rbb8 21.
Ne7+ Kf8 22. Nxc8 Qxc8 23. Bxd6+ Kg8 24. Rxc7 Qd8 25. Qf4 Rb6 26. Be7 Qe8 27.
Rec1 Rb8 28. Bc6 Bh6 29. Qxh6 Nxh6 30. Bxe8 Rxe8 31. Bg5 Kg7 32. Bxh6+ Kxh6 33.
Rxa7 Be4 34. Re1 Bc6 35. Rxe8 Bxe8 36. Re7 Bc6 37. Rxf7 Bd5 38. Rd7 Be6 39. Rd6
Bf5 40. d5 Bg4 41. a4 Bf5 42. a5 Bd3 43. a6 Bxa6 44. Rxa6 Kh5 45. Rxg6 Kxg6 46.
b4 Kf6 47. b5 Ke7 48. b6 Kd7 49. Kh1 Kc8 50. d6 Kd7 51. b7 Kxd6 52. b8=Q+ Ke6
53. Qb5 Kf6 54. Qd5 h5 55. f4 h4 56. Qe5+ Kf7 57. Qd6 Kg7 58. f5 h3 59. Qg6+
Kf8 60. Qh7 Ke8 61. Qc7 Kf8 62. f6 Ke8 63. Qe7# 1-0

[Event "DEM U10 2016"]
[Site "Willingen GER"]
[Date "2016.05.20"]
[Round "10"]
[White "Lehmann, Nils"]
[Black "Hagner, Bennet"]
[Result "0-1"]
[Termination "normal"]
[Board "11"]
[WhiteElo "1461"]
[BlackElo "1370"]
[PlyCount "90"]
[WhiteFideId "12982610"]
[BlackFideId "16224477"]
[EventCountry "GER"]
[EventRounds "11"]
[EventType "swiss"]
[EventDate "2016.05.14"]

1. e4 d6 2. Nf3 Nf6 3. Nc3 g6 4. Bc4 Bg7 5. O-O O-O 6. d3 Bg4 7. h3 Bd7 8. Be3
Nc6 9. Qd2 Re8 10. Rad1 Na5 11. Bb3 Nxb3 12. axb3 c5 13. Rfe1 a5 14. Ra1 b5 15.
Ne2 c4 16. bxc4 bxc4 17. Ng3 Bc6 18. Rec1 d5 19. e5 Nd7 20. d4 e6 21. c3 Qb6
22. Rcb1 Reb8 23. Bh6 a4 24. Bxg7 Kxg7 25. Qc1 Qd8 26. Qf4 a3 27. Ng5 Qg8 28.
bxa3 Rxb1+ 29. Rxb1 Rxa3 30. Rc1 h6 31. Nf3 Qb8 32. Qd2 Qb3 33. Ne2 Ra2 34. Qe1
Qa3 35. Kh2 Rxe2 36. Ra1 Rxe1 37. Rxa3 Rc1 38. g3 Bb5 39. Kg2 Nb6 40. Ng1 Ba4
41. Ne2 Rc2 42. Kf3 Rd2 43. Ke3 Rd3+ 44. Kf4 Bd1 45. Ng1 g5# 0-1

[Event "DEM U10 2016"]
[Site "Willingen GER"]
[Date "2016.05.20"]
[Round "10"]
[White "Hagenbeck-Hübert, Ben"]
[Black "Schwartz, Oliver"]
[Result "1-0"]
[Termination "normal"]
[Board "12"]
[WhiteElo "1428"]
[BlackElo "1440"]
[PlyCount "39"]
[WhiteFideId "16230779"]
[BlackFideId "16207459"]
[EventCountry "GER"]
[EventRounds "11"]
[EventType "swiss"]
[EventDate "2016.05.14"]

1. e4 c5 2. c4 Nc6 3. Nc3 g6 4. g3 Bg7 5. Bg2 e6 6. Nge2 Nge7 7. d3 O-O 8. Be3
Qb6 9. Qd2 d6 10. O-O Rd8 11. f4 Bd7 12. Kh1 Be8 13. g4 Nb4 14. f5 d5 15. Bh6
Be5 16. f6 dxc4 17. fxe7 Rxd3 18. Qg5 Qc7 19. Nf4 Bxf4 20. Rxf4 1-0

[Event "DEM U10 2016"]
[Site "Willingen GER"]
[Date "2016.05.20"]
[Round "10"]
[White "Phan Trong, Dai"]
[Black "Walter, Alexander"]
[Result "0-1"]
[Termination "time forfeit"]
[Board "13"]
[WhiteElo "1376"]
[BlackElo "1128"]
[PlyCount "78"]
[WhiteFideId "16236939"]
[BlackFideId "16227620"]
[EventCountry "GER"]
[EventRounds "11"]
[EventType "swiss"]
[EventDate "2016.05.14"]

1. g3 d5 2. Bg2 e5 3. d3 Nf6 4. Nd2 Bd6 5. e4 d4 6. Ngf3 h6 7. O-O Be6 8. c3 c5
9. c4 O-O 10. Nb3 Nbd7 11. Bd2 Rc8 12. Qc2 Re8 13. Nh4 Qc7 14. f4 Nb6 15. fxe5
Bxe5 16. Bf4 Bd6 17. Qf2 Ng4 18. Qe2 Bxf4 19. Rxf4 Ne3 20. Rf2 Rcd8 21. Qh5 Nd7
22. Qf3 Nf6 23. Nf5 Nfg4 24. Re2 Bxf5 25. exf5 Nf6 26. Qxb7 Qxb7 27. Bxb7 Nd7
28. Bc6 Re7 29. Bxd7 Rdxd7 30. Nxc5 Rc7 31. Ne4 Nxf5 32. Rae1 Ne3 33. Rc1 f5
34. Nd2 g5 35. Nb3 Red7 36. Nxd4 Rxd4 37. Rxe3 Rcd7 38. Rc3 Kf7 39. Kf2 Kf6 0-1

[Event "DEM U10 2016"]
[Site "Willingen GER"]
[Date "2016.05.20"]
[Round "10"]
[White "Lox, Nils Norman"]
[Black "Nitsche, Nikolai"]
[Result "0-1"]
[Termination "normal"]
[Board "14"]
[WhiteElo "1480"]
[BlackElo "1371"]
[PlyCount "116"]
[WhiteFideId "16221389"]
[BlackFideId "16221036"]
[EventCountry "GER"]
[EventRounds "11"]
[EventType "swiss"]
[EventDate "2016.05.14"]

1. f4 d5 2. d4 Bf5 3. Nf3 Nf6 4. e3 e6 5. Bd3 Bg6 6. O-O Bd6 7. b3 O-O 8. Bb2
Nbd7 9. Ne5 c5 10. c4 cxd4 11. exd4 dxc4 12. Bxg6 hxg6 13. Nxc4 Be7 14. Ne5 Rc8
15. Nd2 Rc7 16. Rc1 Nb6 17. Qe2 Qb8 18. Ne4 Rfc8 19. Nxf6+ Bxf6 20. Qd2 Nd5 21.
g3 Ne7 22. Rfd1 Rd8 23. Qf2 Nf5 24. Rxc7 Qxc7 25. Rd2 Qa5 26. Ba1 Qa3 27. Kg2
Qa5 28. Kg1 Be7 29. Nc4 Qc7 30. Kg2 b5 31. Ne5 Qb6 32. Bb2 Bb4 33. Rd3 Qb7+ 34.
Kg1 Qe4 35. Qf3 Qxf3 36. Nxf3 Rc8 37. a3 Rc2 38. axb4 Rxb2 39. Ne5 Rc2 40. Nd7
Rc1+ 41. Kf2 Rc2+ 42. Kg1 Ne7 43. Nc5 Nd5 44. Na6 Ra2 45. Nb8 Nxb4 46. Rc3 Rd2
47. Rc8+ Kh7 48. Rc7 Rxd4 49. Rxa7 f6 50. Re7 Rd3 51. Rxe6 Rxb3 52. Rb6 Nc2 53.
Na6 Rb1+ 54. Kg2 b4 55. Kf2 b3 56. Nb4 Nxb4 57. Rxb4 b2 58. h4 Rh1 0-1